List of common chemical elements in human body - Statistics

General Stats
  • This quiz has been taken 120 times
    106 since last reset
  • The average score is 14 of 26
Answer Stats
Mass of the element Element in human body % Correct
43 kg Oxygen
97%
16 kg Carbon
93%
7,0 kg Hydrogen
91%
4,0 g Iron
90%
1,2 kg Calcium
84%
1,8 kg Nitrogen
84%
100 g Potassium
79%
25 g Magnesium
72%
140 g Sodium
71%
780 g Phosphor
63%
95 g Chlorine
62%
2,3 g Zinc
60%
0,07 g Copper
59%
5,0 g Fluorine
56%
0,12 g Lead
51%
125 g Sulfur
47%
0,03 g Tin
44%
0,26 g Bromine
41%
1,0 g Silicon
34%
0,06 g Aluminium
29%
0,70 g Titanium
24%
0,02 g Barium
21%
0,02 g Cadmium
19%
0,32 g Strontium
18%
0,68 g Rubidium
13%
0,04 g Cerium
9%
No matching quizzes found
Score Distribution
Percent of People with Each Score
Percentile by Number Answered
Your Score History
You have not taken this quiz since the last reset